Sicily Provinces with a Map - Statistics

General Stats
  • This quiz has been taken 241 times
  • The average score is 7 of 9
Answers on the Map
Answers color-coded by a green-red scale on the quiz's map according to % correct below.
 
Answer Stats
Provinces % Correct
Palermo
97%
Catania
90%
Messina
88%
Syracuse
84%
Agrigento
74%
Trapani
70%
Enna
67%
Ragusa
65%
Caltanissetta
56%
No matching quizzes found
Score Distribution
Percent of People with Each Score
Percentile by Number Answered
Your Score History
You have not taken this quiz